Kuruṭṭuvaḻi / 1 Mutalāvatu

Saved in:  
Bibliographic Details
Main Author: Winslow, Miron (Author)
Contributors: Vētanāyaka Śāstrı̄, Tirunelvēli Tēvasahāyam (Other)
Format: Electronic Book
Language:Tamil
Check availability: HBZ Gateway
WorldCat: WorldCat
Interlibrary Loan:Interlibrary Loan for the Fachinformationsdienste (Specialized Information Services in Germany)
Published: Madras American Mission Pr. 1841
In: Kuruṭṭuvaḻi = The blind way
Year: 1841
Online Access: Volltext (Resolving-System)
Volltext (Resolving-System)
Volltext (kostenfrei)
Parallel Edition:Non-electronic

MARC

LEADER 00000cam a2200000 cc4500
001 158451504X
003 DE-627
005 20240906135555.0
007 cr uuu---uuuuu
008 181127s1841 xx |||||o 00| ||tam c
024 7 |a urn:nbn:de:bsz:21-dt-134149  |2 urn 
024 7 |a 10.20345/digitue.13414  |2 doi 
035 |a (DE-627)158451504X 
035 |a (DE-576)51451504X 
035 |a (DE-599)BSZ51451504X 
035 |a (OCoLC)1077735895 
040 |a DE-627  |b ger  |c DE-627  |e rakwb 
041 |a tam 
084 |a 1  |2 ssgn 
100 1 |e VerfasserIn  |0 (DE-627)123359091X  |0 (DE-576)163590915  |4 aut  |a Winslow, Miron 
109 |a Winslow, Miron  |a Vinculō, Em. 
245 1 0 |a Kuruṭṭuvaḻi  |n 1  |p Mutalāvatu  |c [Miron Winslow; Tirunelvēli Tēvasahāyam Vētanāyaka Śāstrı̄] 
264 1 |a Madras  |b American Mission Pr.  |c 1841 
300 |a 18 S 
336 |a Text  |b txt  |2 rdacontent 
337 |a Computermedien  |b c  |2 rdamedia 
338 |a Online-Ressource  |b cr  |2 rdacarrier 
533 |a Online-Ausgabe  |b Tübingen  |c Universitätsbibliothek  |d [2018]  |e 1 Online-Ressource  |7 |2018|||||||||| 
535 1 |a UB Tübingen  |3 Ci XIV 13-1 
583 1 |a Archivierung/Langzeitarchivierung gewährleistet  |x XA-DE-BW  |2 pdager  |5 DE-21 
583 1 |a Archivierung/Langzeitarchivierung gewährleistet  |f SSG  |x XA-DE-BW  |2 pdager  |5 DE-21 
700 1 |a Vētanāyaka Śāstrı̄, Tirunelvēli Tēvasahāyam  |4 oth 
751 |a Madras  |0 (DE-588)4211415-9  |0 (DE-627)105088706  |0 (DE-576)210203501  |4 pup 
773 1 8 |a Kuruṭṭuvaḻi = The blind way  |w (DE-627)1584514701  |w (DE-576)514514701  |g 1  |q 1  |7 nnam 
776 0 8 |i Elektronische Reproduktion von  |a Winslow, Miron  |t Kuruṭṭuvaḻi ; 1: Mutalāvatu  |d Madras : American Mission Pr., 1841  |h 18 S  |w (DE-627)1091311455  |w (DE-576)021311455  |n UB Tübingen -- Ci XIV 13-1  |k Non-Electronic 
856 4 0 |u https://opendigi.ub.uni-tuebingen.de/opendigi/CiXIV13-1  |x Digitalisierung  |z kostenfrei  |3 Volltext  |7 0 
856 4 0 |u http://nbn-resolving.de/urn:nbn:de:bsz:21-dt-134149  |x Resolving-System  |3 Volltext  |7 1 
856 4 0 |u http://dx.doi.org/10.20345/digitue.13414  |x Resolving-System  |3 Volltext  |7 1 
935 |h SWB  |i ld 
935 |h SWB  |i dm 
951 |a MV 
ELC |a 1 
ITA |a 1  |t 1 
LOK |0 000 xxxxxcx a22 zn 4500 
LOK |0 001 3034185898 
LOK |0 003 DE-627 
LOK |0 004 158451504X 
LOK |0 005 20201202125909 
LOK |0 008 181127||||||||||||||||ger||||||| 
LOK |0 040   |a DE-21  |c DE-627  |d DE-21 
LOK |0 689   |a s  |a Sprache: Tamil 
LOK |0 852   |a DE-21 
LOK |0 852 1  |9 00 
LOK |0 935   |a gund  |a dbok  |a ditu 
LOK |0 939   |a 27-11-18  |b l01 
OAS |a 1 
ORI |a SA-MARC-ixtheoa001.raw